100k+ Cities in Peru With a Map - Statistics

General Stats
  • This quiz has been taken 49 times
  • The average score is 12 of 68
Answers on the Map
Answers color-coded by a green-red scale on the quiz's map according to % correct below.
 
Answer Stats
City Population % Correct
Lima 267.199
100%
Cusco 118.510
81%
Iquitos 163.849
66%
Ica 173.261
53%
Trujillo 347.730
50%
Callao 520.709
47%
Piura 181.371
47%
Chiclayo 291.138
44%
Tacna 105.248
41%
Ayacucho 112.794
38%
Chimbote 216.641
38%
Puno 143.434
38%
Cajamarca 247.044
31%
Huancayo 125.146
31%
Juliaca 256.093
25%
Tumbes 115.148
22%
Miraflores 111.202
16%
Yurimaguas 106.557
16%
Chorrillos 361.907
13%
Comas 581.036
13%
Jaén 107.039
13%
La Molina 162.761
13%
Lurigancho 293.377
13%
Paita 104.513
13%
San Juan deLurigancho 1.203.125
13%
San Miguel 177.164
13%
Santiago 104.961
13%
Santiago de Surco 414.142
13%
Sullana 191.400
13%
Ventanilla 380.894
13%
Ate 687.615
9%
Carabayllo 412.234
9%
La Victoria 189.152
9%
La Victoria 100.033
9%
Los Olivos 355.528
9%
Rimac 181.613
9%
San Borja 129.095
9%
San Juan
de Miraflores
417.800
9%
Santa Anita 224.893
9%
Surquillo 101.448
9%
Villa El Salvador 428.276
9%
Villa Maríadel Triunfo 443.687
9%
Calleria 174.981
6%
Castilla 188.678
6%
Cayma 105.760
6%
Cerro Colorado 235.305
6%
Chilca 101.522
6%
Coronel GregorioAlbarracin Lanchipa 139.270
6%
El Agustino 225.749
6%
El Porvenir 235.832
6%
El Tambo 177.221
6%
Huaral 106.821
6%
Independencia 225.536
6%
José Leonardo Ortiz 166.266
6%
La Esperanza 229.779
6%
Lurín 111.789
6%
Manantay 110.502
6%
Pachacamác 147.228
6%
Pariñas 106.157
6%
Paucarpata 135.781
6%
Puente Piedra 404.081
6%
San Juan Bautista 156.363
6%
San Martínde Porres 758.216
6%
San Sebatián 138.200
6%
Tambo Grande 126.126
6%
Tambopata 103.413
6%
Veintiséis de Octubre 192.708
6%
Yarinacocha 121.443
6%
No matching quizzes found
Score Distribution
Percent of People with Each Score
Percentile by Number Answered
Your Score History
You have not taken this quiz